| 000 | 00664nam a2200241 a 4500 | ||
|---|---|---|---|
| 999 |
_c10325 _d10325 |
||
| 001 | 10325 | ||
| 003 | BD-JhCC | ||
| 005 | 20180424083639.0 | ||
| 008 | 180424b2005 ii |||| |||| 000 0 eng d | ||
| 020 | _a8170004527 | ||
| 035 | _a(BD-JhCC)10325 | ||
| 040 |
_aBD-JhCC _dBD-JhCC |
||
| 041 | _aeng | ||
| 082 |
_a025.431 _bDHI 2005 |
||
| 100 | _aDhiman, Anil K. | ||
| 245 |
_aLearn Library Classification / _cAnil K. Dhiman and Yashoda Rani |
||
| 260 |
_aNew Delhi : _bEss Ess Publictions, _c2005 |
||
| 300 |
_a259 p. : _c21 cm |
||
| 490 | _aLearning Library Science Series | ||
| 650 | _aLibrary Classification | ||
| 700 | _aRani, Yashoda | ||
| 942 |
_2ddc _cREF |
||